[Event "AUTO-MASTER-2070"]
[Site "http://www.queenalice.com/game.php?id=1304598"]
[Date "2014.8.28"]
[Round "2"]
[White "DenisDiaz"]
[Black "guy92"]
[Result "1-0"]
[WhiteElo "2146"]
[BlackElo "1996"]

1. d4 d5 2. Bf4 Nf6 3. e3 Nbd7 4. Nf3 c6 5. c4 e6 6. Nbd2 Bb4 7. a3 Bxd2+ 8.
Qxd2 Ne4 9. Qc2 O-O 10. c5 Ndf6 11. h3 a5 12. Bd3 Bd7 13. Ng5 Nxg5 14. Bxg5 h6
15. Bh4 Kh8 16. f4 Qe7 17. g4 Rg8 18. O-O-O g5 19. fxg5 Ne8 20. g6 Qxh4 21. gxf7
Rf8 22. fxe8=Q Rfxe8 23. Rdf1 Rf8 24. Qh2 Qe7 25. h4 Rxf1+ 26. Bxf1 Be8 27. Bd3
Bf7 28. Qe5+ Kg8 29. g5 h5 30. g6 Be8 31. Qxh5 Rb8 32. Qe5 Rd8 33. h5 Rd7 34. h6
1-0

[Event "AUTO-MASTER-2070"]
[Site "http://www.queenalice.com/game.php?id=1304599"]
[Date "2014.8.28"]
[Round "2"]
[White "guy92"]
[Black "DenisDiaz"]
[Result "1/2-1/2"]
[WhiteElo "1963"]
[BlackElo "2153"]

1. d4 Nf6 2. c4 e6 3. Nc3 d5 4. Bg5 Be7 5. e3 h6 6. Bf4 a6 7. Nf3 O-O 8. Bd3 c5
9. cxd5 cxd4 10. exd4 Nxd5 11. Nxd5 Qxd5 12. O-O Nc6 13. b3 b5 14. Re1 Bb7 15.
Be4 Qd7 16. Bc2 Bf6 17. Qd3 g6 18. Bxh6 Rfd8 19. Rad1 Nb4 20. Qd2 Bxf3 21. gxf3
Nxc2 22. Qxc2 Qb7 23. Re4 Rd5 24. Rg4 Kh7 25. Be3 Kg7 26. Qe4 Rh8 27. Kh1 Qd7
28. Bg5 Rxg5 29. Rxg5 Bxg5 30. d5 Qd6 31. Kg2 Qxh2+ 32. Kf1 Qd6 33. Ke2 Rd8 34.
Qd3 Bf6 35. dxe6 Qe5+ 36. Qe3 Rxd1 37. Qxe5 Bxe5 38. e7 Bf6 39. e8=Q Ra1 40. a4
bxa4 41. bxa4 a5 42. Qb5 Bc3 43. Qc4 Re1+ 44. Kd3 Bb4 45. Qd4+ Kg8 46. Qf6 Re6
47. Qd8+ Kg7 48. Qd4+ f6 49. Qa7+ Re7 50. Qd4 Re6 51. Qd7+ Re7 52. Qg4 f5 53.
Qd4+ Kh7 54. Qh4+ Kg7 55. Qd4+ Kf7 56. Qd5+ 1/2-1/2

[Event "Challenge"]
[Site "http://www.queenalice.com/game.php?id=1314505"]
[Date "2014.10.11"]
[Round "-"]
[White "DenisDiaz"]
[Black "pomar"]
[Result "1-0"]
[WhiteElo "2143"]
[BlackElo "2014"]

1. d4 e6 2. Bf4 d5 3. e3 c5 4. Nf3 Qb6 5. b3 Nc6 6. Be2 Nf6 7. h3 Ne4 8. c3 cxd4
9. exd4 Bd7 10. O-O Be7 11. Qd3 Rc8 12. Nbd2 f5 13. Ne5 Nxe5 14. dxe5 Rxc3 15.
Qb1 Nxf2 16. Rxf2 g5 17. Qb2 d4 18. Bh5+ Kf8 19. Bh2 Kg7 20. Nc4 Qb4 21. g4 f4
22. Bxf4 gxf4 23. Rxf4 Rxc4 24. Rf7+ Kg8 25. Rxe7 Rc7 26. Rf7 Qc5 27. Raf1 d3+
28. Qf2 Bb5 29. Rxc7 1-0

[Event "AUTO-MASTER-2089"]
[Site "http://www.queenalice.com/game.php?id=1317301"]
[Date "2014.10.22"]
[Round "2"]
[White "Diadoco"]
[Black "DenisDiaz"]
[Result "1/2-1/2"]
[WhiteElo "2190"]
[BlackElo "2132"]

1. e4 c5 2. Nf3 Nc6 3. Bb5 a6 4. Bxc6 dxc6 5. d4 cxd4 6. Qxd4 Qxd4 7. Nxd4 e5 8.
Nf3 f6 9. Be3 Be6 10. Nbd2 Bd6 11. a3 Ne7 12. O-O-O Bc7 13. c4 O-O-O 14. h3 b6
15. b4 Rd3 16. Kb2 Rhd8 17. Rc1 Kb7 18. Rc3 Rxc3 19. Kxc3 Ng6 20. g3 Nf8 21. c5
b5 22. g4 Ng6 23. Re1 a5 24. Ra1 a4 25. Rh1 Ne7 26. Nh4 g6 27. f3 Rd7 28. Re1
Ng8 29. Rg1 1/2-1/2

[Event "AUTO-MASTER-2089"]
[Site "http://www.queenalice.com/game.php?id=1317302"]
[Date "2014.10.22"]
[Round "2"]
[White "DenisDiaz"]
[Black "Diadoco"]
[Result "1-0"]
[WhiteElo "2112"]
[BlackElo "2188"]

1. d4 d5 2. Bf4 c5 3. c3 cxd4 4. cxd4 Nc6 5. e3 Bf5 6. Bd3 Bxd3 7. Qxd3 Nf6 8.
Ne2 e6 9. a3 Bd6 10. Nd2 O-O 11. O-O Bxf4 12. Nxf4 a6 13. Rac1 Rc8 14. Rc2 h6
15. Rfc1 Qd7 16. Nb3 Qe7 17. Nc5 g5 18. Ne2 Na7 19. a4 Rc6 20. b4 Rfc8 21. Qb3
Ne4 22. f3 Nxc5 23. dxc5 R6c7 24. Nd4 Nc6 25. Nxc6 Rxc6 26. Qd3 R6c7 27. Qd4 Rc6
28. a5 R6c7 29. Rc3 Rc6 30. Rd1 Rd8 31. f4 f6 32. Rcd3 Kf7 33. fxg5 hxg5 34. e4
e5 35. Qf2 d4 36. Qf5 Rh8 37. Rf1 Qe6 38. Qxg5 Qe7 39. Rdf3 Rh7 40. Rg3 1-0

[Event "AUTO-MASTER-2089"]
[Site "http://www.queenalice.com/game.php?id=1317307"]
[Date "2014.10.22"]
[Round "2"]
[White "DenisDiaz"]
[Black "attachui"]
[Result "1-0"]
[WhiteElo "2139"]
[BlackElo "2200"]

1. d4 Nf6 2. Bf4 Nd5 3. Bg3 e6 4. c4 Bb4+ 5. Nd2 Nb6 6. e4 O-O 7. a3 Bxd2+ 8.
Qxd2 d6 9. Nf3 f5 10. exf5 exf5 11. O-O-O h6 12. Bd3 Nc6 13. Rde1 Qf6 14. d5 Ne7
15. Bh4 g5 16. Nxg5 hxg5 17. Bxg5 Qd4 18. Rxe7 Nxc4 19. Qc3 Qxc3+ 20. bxc3 Nxa3
21. Kb2 a6 22. Kxa3 c6 23. dxc6 bxc6 24. Rc7 a5 25. Rxc6 Rb8 26. Rxd6 Rb7 27. h4
Bd7 28. Rb1 Rc7 29. c4 Bc6 30. g3 Be4 31. Bxe4 fxe4 32. Be3 Rxc4 33. Ra6 Rd8 34.
Rxa5 Rd3+ 35. Rb3 Rd1 36. Rc5 Ra1+ 37. Kb2 Rca4 38. Kc2 R4a2+ 39. Kc3 Ra8 40.
Rcb5 Rc8+ 41. Kd4 Ra4+ 42. R3b4 Ra7 43. Kxe4 Re7+ 44. Kf3 Rcc7 45. h5 Kh7 46.
Rg4 Rc6 47. h6 Rf7+ 48. Kg2 Rcf6 49. Rg7+ Rxg7 50. hxg7 Kxg7 51. Bd4 1-0

[Event "AUTO-MASTER-2089"]
[Site "http://www.queenalice.com/game.php?id=1317309"]
[Date "2014.10.22"]
[Round "2"]
[White "DenisDiaz"]
[Black "TheBigSid"]
[Result "0-1"]
[WhiteElo "2126"]
[BlackElo "2209"]

1. d4 Nf6 2. Nf3 e6 3. Bf4 b6 4. e3 Bb7 5. h3 Be7 6. Nbd2 O-O 7. c3 d6 8. Qc2 c5
9. dxc5 bxc5 10. Ng5 h6 11. Ngf3 Qb6 12. Be2 Nc6 13. g4 Ne5 14. Rg1 Nxf3+ 15.
Nxf3 Be4 16. Qb3 Qxb3 17. axb3 Rfb8 18. Ra3 Rb7 19. Nd2 Bd5 20. c4 Bc6 21. f3 a5
22. Kf2 a4 23. Rga1 Rab8 24. Bd1 axb3 25. Rxb3 Rxb3 26. Bxb3 Rb6 27. Ra2 e5 28.
Bg3 Bd7 29. e4 Be6 30. Bc2 Nd7 31. b3 g6 32. Nf1 Kg7 33. Ne3 Nb8 34. Nd5 Bxd5
35. cxd5 Na6 36. Bd1 Nb4 37. Ra1 Bg5 38. Ke2 f5 39. Be1 fxe4 40. fxe4 Bf4 41.
Bh4 g5 42. Be1 Kg6 43. Ra4 Bh2 44. Kd2 Bg1 45. Kc3 Na6 46. Be2 Nc7 47. Kc2 Ne8
48. Ra7 Nf6 49. Bf3 Bd4 50. Ba5 Rb5 51. Bc7 c4 52. Ra3 cxb3+ 53. Kb1 Rc5 54. Ba5
b2 55. Bd2 Rc7 56. Bg2 Nd7 57. Bf3 Nb6 58. Be2 Nc4 59. Bxc4 Rxc4 60. Ra6 Bc5 61.
Kxb2 Rxe4 62. Kc3 Rd4 63. Be3 Bb4+ 64. Kb3 Re4 65. Ba7 Rf4 66. Bb8 Bc5 67. Bxd6
Rf6 68. Bxc5 Rxa6 69. Be7 Kf7 70. Bc5 Rf6 71. Kc4 Rf3 72. d6 Ke6 73. Bb4 Rxh3
0-1

[Event "AUTO-MASTER-2089"]
[Site "http://www.queenalice.com/game.php?id=1317310"]
[Date "2014.10.22"]
[Round "2"]
[White "TheBigSid"]
[Black "DenisDiaz"]
[Result "1-0"]
[WhiteElo "2198"]
[BlackElo "2167"]

1. d4 d5 2. c4 c6 3. e3 Bf5 4. Nc3 e6 5. Nf3 Nf6 6. Be2 Be7 7. O-O dxc4 8. Bxc4
Nbd7 9. Qe2 Nb6 10. Bb3 h6 11. Ne5 O-O 12. Rd1 Qc7 13. e4 Bh7 14. Bf4 Qc8 15.
Rac1 Bb4 16. f3 Bxc3 17. Rxc3 Rd8 18. a4 Nbd7 19. d5 Nxe5 20. Bxe5 Nd7 21. Bd6
Nf8 22. Bxf8 Kxf8 23. dxe6 Rxd1+ 24. Qxd1 fxe6 25. Qd6+ Kf7 26. Qf4+ Ke7 27.
Qh4+ Kf7 28. Qf4+ Ke7 29. Qe5 Kf7 30. Rd3 Bg8 31. Rd6 Ke7 32. Qc5 Ke8 33. Qd4
Kf8 34. Rd7 1-0

[Event "Challenge"]
[Site "http://www.queenalice.com/game.php?id=1317876"]
[Date "2014.10.26"]
[Round "-"]
[White "leduar"]
[Black "DenisDiaz"]
[Result "0-1"]
[WhiteElo "2162"]
[BlackElo "2142"]

1. e4 c5 2. Nf3 d6 3. d4 cxd4 4. Nxd4 Nf6 5. Nc3 a6 6. f3 e5 7. Nb3 Be6 8. Be3
Nbd7 9. Bd3 Be7 10. O-O O-O 11. h3 Nc5 12. Nxc5 dxc5 13. Qe2 b5 14. Rfd1 Qc8 15.
Nd5 Bd8 16. Qf2 Nd7 17. Qg3 Re8 18. Rf1 c4 19. Be2 Kh8 20. f4 Bxd5 21. exd5 exf4
22. Qxf4 f6 23. Bg4 Qb7 24. Bf3 Rxe3 25. d6 Rxf3 26. Qxf3 Qxf3 27. Rxf3 Ne5 28.
Rff1 Bb6+ 29. Kh2 Rd8 30. Rae1 Bc5 31. d7 h6 32. Rf5 Bd6 33. Kh1 Rxd7 34. Rd1
Kg8 35. Rf2 Kf7 36. Rfd2 Ke6 37. a3 Bc7 38. Rxd7 Nxd7 39. Re1+ Be5 40. b3 cxb3
41. cxb3 h5 42. g4 h4 43. Kg2 g5 44. b4 Nb8 45. Rc1 Kd5 46. Rc2 Kd4 47. Kf3 Kd3
48. Rc5 Bc3 49. Rc8 Be5 50. Rd8+ Kc2 51. Ke4 Kb3 52. Rd3+ Ka4 53. Kd5 a5 54.
bxa5 Kxa5 55. Rb3 Na6 56. Kc6 Nc7 57. Rb4 Bf4 58. Rb3 Ka4 59. Rd3 Be5 60. Re3
Ne6 61. Kd5 Nd4 62. Rc3 Nb3 63. Rd3 Kxa3 64. Kc6 b4 65. Kb5 Bc3 66. Kc4 Nd2+ 67.
Kb5 Kb3 68. Rd8 Kc2 69. Ka4 b3 0-1

[Event "Challenge"]
[Site "http://www.queenalice.com/game.php?id=1317879"]
[Date "2014.10.26"]
[Round "-"]
[White "DenisDiaz"]
[Black "leduar"]
[Result "1-0"]
[WhiteElo "2155"]
[BlackElo "2166"]

1. d4 d5 2. Bf4 e6 3. e3 Nf6 4. Nf3 Nbd7 5. c4 a6 6. Nbd2 Be7 7. h3 O-O 8. g4
Ne4 9. Bd3 f5 10. cxd5 exd5 11. gxf5 Bb4 12. Qb3 Bxd2+ 13. Nxd2 Ndf6 14. Nxe4
Nxe4 15. Bxe4 c6 16. O-O-O Kh8 17. Bc2 b5 18. Qc3 Bd7 19. Kb1 a5 20. Rdg1 b4 21.
Qc5 Qf6 22. Be5 Qf7 23. Bxg7+ Qxg7 24. Rxg7 Kxg7 25. Qe7+ 1-0

[Event "Partida 39"]
[Site "http://www.queenalice.com/game.php?id=1320561"]
[Date "2014.11.5"]
[Round "-"]
[White "DenisDiaz"]
[Black "jrafaelcc"]
[Result "0-1"]
[WhiteElo "2134"]
[BlackElo "2277"]

1. d4 d5 2. Bf4 Nf6 3. e3 c6 4. Nf3 Bg4 5. Be2 Nbd7 6. Nbd2 g6 7. h3 Bxf3 8.
Nxf3 Bg7 9. Qd2 Qb6 10. c3 a5 11. Qc2 a4 12. O-O O-O 13. a3 h6 14. g4 Ne4 15.
Nd2 Ndf6 16. f3 Nd6 17. Kf2 c5 18. Rh1 Rfc8 19. Bd3 cxd4 20. exd4 Nb5 21. Be3
Ne8 22. Bxb5 Qxb5 23. f4 Ra6 24. Nf3 Rb6 25. Rab1 Nd6 26. Nd2 Qd7 27. Kf3 f5 28.
Rbg1 Qe6 29. g5 hxg5 30. Rxg5 Ne4 31. Rg2 Rxb2 32. Qxb2 Rxc3 33. Qxc3 Nxc3 34.
Rhg1 Kf7 35. h4 Bh8 36. Kf2 Ne4+ 37. Nxe4 Qxe4 38. Rxg6 Bxd4 39. Bxd4 Qxf4+ 40.
Ke2 Qxd4 0-1

[Event "Partida 40"]
[Site "http://www.queenalice.com/game.php?id=1320562"]
[Date "2014.11.5"]
[Round "-"]
[White "jrafaelcc"]
[Black "DenisDiaz"]
[Result "1/2-1/2"]
[WhiteElo "2285"]
[BlackElo "2107"]

1. e4 e6 2. d3 d5 3. Nd2 c5 4. Ngf3 Nc6 5. g3 Bd6 6. Bg2 Nge7 7. O-O O-O 8. Re1
Qc7 9. c3 f6 10. Nf1 Bd7 11. h4 dxe4 12. dxe4 e5 13. Ne3 Rad8 14. Nd5 Qb8 15. h5
b5 16. Be3 Bg4 17. h6 g6 18. Qd2 Kh8 19. Nh2 Bc8 20. Rad1 Ng8 21. Bf3 Rf7 22.
Qe2 Bf8 23. g4 g5 24. Nf1 Bd6 25. Ng3 Nce7 26. Kg2 Nxd5 27. exd5 Nxh6 28. Rh1
Ng8 29. Be4 h6 30. Nf5 Bxf5 31. Bxf5 Kg7 32. Qd3 Ne7 33. Be6 Rff8 34. Rxh6 Rh8
35. Rxh8 Rxh8 36. b3 Rh6 37. a4 a6 38. axb5 axb5 39. Ra1 Qh8 40. Kf3 Rh1 41.
Rxh1 Qxh1+ 42. Ke2 c4 43. bxc4 e4 44. Qd4 bxc4 45. Qxc4 Qb1 46. Bd2 Qc2 47. Bf5
Nxf5 48. gxf5 Bf4 49. Qd4 Be5 1/2-1/2

[Event "Challenge"]
[Site "http://www.queenalice.com/game.php?id=1321647"]
[Date "2014.11.11"]
[Round "-"]
[White "leduar"]
[Black "DenisDiaz"]
[Result "1-0"]
[WhiteElo "2165"]
[BlackElo "2155"]

1. e4 e5 2. Nf3 Nc6 3. Bb5 Nge7 4. O-O g6 5. c3 Bg7 6. d4 exd4 7. cxd4 a6 8. Bc4
b5 9. Bb3 Bb7 10. Qd2 O-O 11. d5 Ne5 12. Nxe5 Bxe5 13. f4 Bg7 14. Qf2 Kh8 15.
Be3 f5 16. Bd4 fxe4 17. Bxg7+ Kxg7 18. Nc3 Nf5 19. Nxe4 Qh4 20. Qc5 Rac8 21.
Qc3+ Kf7 22. Ng5+ Ke7 23. Rfe1+ Kd8 24. Nf7+ 1-0

[Event "Challenge"]
[Site "http://www.queenalice.com/game.php?id=1321648"]
[Date "2014.11.11"]
[Round "-"]
[White "DenisDiaz"]
[Black "leduar"]
[Result "0-1"]
[WhiteElo "2143"]
[BlackElo "2177"]

1. d4 d5 2. Bf4 Nf6 3. e3 Bg4 4. Be2 Bxe2 5. Nxe2 e6 6. O-O Be7 7. c4 c6 8. c5
O-O 9. Nd2 Nh5 10. Bg3 Nxg3 11. hxg3 Nd7 12. Qc2 Qc7 13. f4 f5 14. Kf2 Nf6 15.
Nc3 Ng4+ 16. Ke2 b6 17. b4 Qc8 18. Qd3 Qe8 19. Rh1 a5 20. a3 axb4 21. axb4 Rxa1
22. Rxa1 bxc5 23. bxc5 Qh5 24. Nf3 Rb8 25. Qc2 Bd8 26. Rb1 Ra8 27. Rg1 Bc7 28.
Qc1 Qe8 29. Ne1 Ba5 30. Nd3 Bxc3 31. Qxc3 Ra2+ 32. Ke1 Qb8 33. Qc1 Nf2 34. Nxf2
Qb4+ 35. Kf1 Qb5+ 0-1

[Event "Challenge"]
[Site "http://www.queenalice.com/game.php?id=1322583"]
[Date "2014.11.17"]
[Round "-"]
[White "DenisDiaz"]
[Black "leduar"]
[Result "0-1"]
[WhiteElo "2137"]
[BlackElo "2130"]

1. d4 d5 2. Bf4 Nf6 3. e3 Bg4 4. f3 Bf5 5. Bd3 Bxd3 6. Qxd3 Nc6 7. a3 e6 8. Nd2
Bd6 9. Ne2 Bxf4 10. Nxf4 O-O 11. O-O-O Ne7 12. g4 Rc8 13. h4 c5 14. dxc5 Nd7 15.
Nb3 Nxc5 16. Nxc5 Rxc5 17. e4 Qc7 18. Nh3 f6 19. Rd2 Ng6 20. exd5 Ne5 21. Qb3
exd5 22. Rxd5 Nc4 23. Rxc5 Qxc5 24. Re1 Kh8 25. Qb4 Qc8 26. Nf2 Rd8 27. Re7 a5
28. Qb5 b6 29. Nd3 h6 30. h5 Kh7 31. Nf4 Rd2 32. c3 Rxb2 33. Qf5+ Qxf5 34. gxf5
Rb5 35. a4 Rxf5 36. Re4 Ne5 37. Kc2 Nxf3 38. Kd3 Re5 39. Rxe5 Nxe5+ 40. Kd4 g6
41. hxg6+ Nxg6 42. Nd5 Kg7 43. Nxb6 h5 44. Ke4 Ne5 45. c4 Kf7 46. Kf4 Ke6 47. c5
Nc6 48. Kg3 f5 49. Kh4 Ne5 50. Kxh5 f4 51. Kh4 Kf5 52. Kh3 Ke4 53. Kg2 Kd4 54.
Nd7 Nxd7 55. c6 Nb6 56. c7 Ke3 0-1

[Event "Challenge"]
[Site "http://www.queenalice.com/game.php?id=1322584"]
[Date "2014.11.17"]
[Round "-"]
[White "leduar"]
[Black "DenisDiaz"]
[Result "0-1"]
[WhiteElo "2146"]
[BlackElo "2126"]

1. e4 c5 2. Nf3 Nc6 3. d4 cxd4 4. Nxd4 e5 5. Nb5 d6 6. N1c3 a6 7. Na3 b5 8. Nd5
Nge7 9. c3 Be6 10. Be2 Ng6 11. Bg4 Be7 12. Nxe7 Qxe7 13. O-O O-O 14. f4 exf4 15.
Bxf4 Nxf4 16. Rxf4 Ne5 17. Be2 Rac8 18. Nc2 d5 19. Nd4 dxe4 20. Nxe6 Qxe6 21.
Rxe4 Qb6+ 22. Kh1 f6 23. Qb3+ Kh8 24. Rf1 Rfd8 25. Rh4 Rd2 26. Bf3 Nxf3 27. Rxf3
Rcd8 28. Rf1 Qf2 29. Rxh7+ Kxh7 30. Rg1 Re8 31. c4 Qxg1+ 32. Kxg1 Re1# 0-1

[Event "Partida 41"]
[Site "http://www.queenalice.com/game.php?id=1327141"]
[Date "2014.12.9"]
[Round "-"]
[White "DenisDiaz"]
[Black "jrafaelcc"]
[Result "0-1"]
[WhiteElo "2125"]
[BlackElo "2239"]

1. d4 d5 2. Bf4 Nf6 3. e3 c5 4. Nf3 Bg4 5. Be2 Nc6 6. c3 e6 7. Nbd2 h6 8. h3 Bf5
9. Qb3 Qd7 10. Bb5 c4 11. Qa4 Be7 12. Ne5 Qc8 13. Nxc6 bxc6 14. Bxc6+ Kf8 15.
Bxa8 Qxa8 16. O-O g5 17. Be5 Rg8 18. Bxf6 Bxf6 19. g4 Bg6 20. Kg2 h5 21. f3 Kg7
22. b4 Qb8 23. Rh1 h4 24. Nf1 Re8 25. Qd1 Bd3 26. Qe1 e5 27. dxe5 Bxe5 28. Rc1
a5 29. a3 Qa7 30. Qd2 Re6 31. Rg1 axb4 32. axb4 Ra6 33. Kh1 Ra2 34. Qd1 Bxf1 35.
Rc2 Rxc2 36. Qxc2 Bd3 37. Qd2 Qa3 38. Rc1 Kg6 39. Kg2 f5 40. f4 Be4+ 41. Kf2
gxf4 42. exf4 Bc7 43. g5 Qa7+ 44. Ke2 Qb8 45. Qa2 Bxf4 46. Qa6+ Kxg5 47. Rg1+
Bg3 0-1

[Event "AUTO-MASTER-2209"]
[Site "http://www.queenalice.com/game.php?id=1328109"]
[Date "2014.12.14"]
[Round "1"]
[White "DenisDiaz"]
[Black "Alexandrovinsk"]
[Result "0-1"]
[WhiteElo "2147"]
[BlackElo "2206"]

1. d4 Nf6 2. c4 c5 3. d5 b5 4. cxb5 a6 5. e3 d6 6. Nc3 g6 7. bxa6 Bxa6 8. Bxa6
Nxa6 9. Nge2 Bg7 10. O-O O-O 11. Nb5 Nb4 12. Nec3 c4 13. f3 Nd3 14. a3 Qb6 15.
Qc2 Rfe8 16. a4 Nb4 17. Qd1 Nd7 18. Kh1 Nd3 19. Qe2 N7c5 20. Ra3 Bxc3 21. Nxc3
Nb3 22. Rxb3 Qxb3 23. Qd1 Reb8 24. Qxb3 Rxb3 25. h3 Nxc1 26. Rxc1 Rxb2 27. Kh2
Kf8 28. Kg3 Ke8 29. f4 Kd7 30. Kf3 h5 31. g4 hxg4+ 32. hxg4 f5 33. gxf5 gxf5 34.
Ra1 Rh8 35. Kg3 Rbh2 0-1

[Event "AUTO-MASTER-2209"]
[Site "http://www.queenalice.com/game.php?id=1328110"]
[Date "2014.12.14"]
[Round "1"]
[White "Alexandrovinsk"]
[Black "DenisDiaz"]
[Result "0-1"]
[WhiteElo "2132"]
[BlackElo "2153"]

1. d4 d5 2. Nf3 Nf6 3. c4 c6 4. e3 Bg4 5. Bd3 e6 6. O-O Ne4 7. Nc3 f5 8. cxd5
exd5 9. Be2 Bd6 10. b3 Nxc3 0-1

[Event "AUTO-MASTER-2209"]
[Site "http://www.queenalice.com/game.php?id=1328111"]
[Date "2014.12.14"]
[Round "1"]
[White "DenisDiaz"]
[Black "rubenov"]
[Result "0-1"]
[WhiteElo "2163"]
[BlackElo "2026"]

1. d4 d5 2. c4 dxc4 3. e4 Nd7 4. Bxc4 Nb6 5. Bb3 c6 6. Qf3 e6 7. Ne2 Nf6 8. Nbc3
Be7 9. Bf4 O-O 10. e5 Nfd5 11. Nxd5 Nxd5 12. Bd2 Bg5 13. O-O-O Bxd2+ 14. Rxd2 a5
15. Bxd5 cxd5 16. Qg4 Bd7 17. Nf4 f5 18. Qg3 Rc8+ 19. Kb1 Rc4 20. Nh5 Qe7 21. h4
Kh8 22. Qb3 b5 23. Nf4 Rfc8 24. Ne2 b4 25. f4 Be8 26. Qf3 a4 27. g4 fxg4 28.
Qxg4 Bg6+ 29. Ka1 Bf5 30. Qg5 Qc7 31. Qg1 Be4 32. Rd1 Bxh1 33. Qxh1 Rc2 34. f5
Rxe2 35. fxe6 Qc2 36. Rb1 a3 37. e7 axb2+ 0-1

[Event "AUTO-MASTER-2209"]
[Site "http://www.queenalice.com/game.php?id=1328112"]
[Date "2014.12.14"]
[Round "1"]
[White "rubenov"]
[Black "DenisDiaz"]
[Result "0-1"]
[WhiteElo "1948"]
[BlackElo "2171"]

1. d4 d5 2. Bg5 h6 3. Bh4 g5 4. Bg3 f5 5. e3 Nf6 6. Nc3 a6 7. Bd3 Nc6 8. a3 e6
9. Nf3 Bd6 10. Bxd6 Qxd6 11. Qe2 Bd7 12. Na4 Nxd4 13. exd4 Bxa4 14. Ne5 O-O 15.
O-O Be8 16. Rfe1 Bh5 17. f3 Qb6 18. c3 Be8 19. Rab1 c5 20. dxc5 Qxc5+ 21. Kh1 b5
22. Qe3 Qxe3 23. Rxe3 Kg7 24. Rbe1 Nd7 25. Nc6 Bf7 26. Nd4 Rae8 27. b4 Kf6 28.
h3 Nb6 29. Kg1 Nc4 30. Bxc4 bxc4 31. a4 e5 32. Nc6 e4 33. fxe4 dxe4 34. g3 Rc8
35. Nd4 Bg6 36. Rf1 Rfe8 37. Rf2 Rcd8 38. Kf1 Rd6 39. Ke1 Ke5 40. Ne2 Rd3 41.
Rxd3 cxd3 42. Nd4 Rc8 43. Kd2 f4 44. gxf4+ gxf4 45. Rg2 e3+ 0-1

[Event "AUTO-MASTER-2209"]
[Site "http://www.queenalice.com/game.php?id=1328113"]
[Date "2014.12.14"]
[Round "1"]
[White "DenisDiaz"]
[Black "dadge"]
[Result "1-0"]
[WhiteElo "2164"]
[BlackElo "2006"]

1. d4 Nf6 2. c4 e6 3. Nc3 Bb4 4. Bg5 d5 5. e3 Nbd7 6. Qb3 Be7 7. Nf3 h6 8. Bh4
c6 9. Bd3 Qa5 10. O-O dxc4 11. Bxc4 Nb6 12. Bd3 g5 13. Bg3 Nbd5 14. Nxd5 exd5
15. Qc3 Bb4 16. Qc2 Qd8 17. Ne5 Bd7 18. a3 Ba5 19. f4 g4 20. Bh4 Qe7 21. Bf5
Bxf5 22. Qxf5 Bd8 23. Bxf6 Qxf6 24. Qd7+ 1-0

[Event "AUTO-MASTER-2209"]
[Site "http://www.queenalice.com/game.php?id=1328114"]
[Date "2014.12.14"]
[Round "1"]
[White "dadge"]
[Black "DenisDiaz"]
[Result "1-0"]
[WhiteElo "2136"]
[BlackElo "2176"]

1. e4 c5 2. Nf3 g6 3. d4 cxd4 4. Nxd4 Bg7 5. Be3 Nc6 6. Nc3 a6 7. Bc4 e6 8. Qd2
b5 9. Be2 Nge7 10. f4 f5 11. e5 O-O 12. Bf3 Bb7 13. O-O Qc7 14. Rad1 Rfd8 15. a3
Kf7 16. g3 d5 17. b4 Rac8 18. Nce2 Nxd4 19. Nxd4 Rd7 20. Rc1 Qc3 21. Nb3 Qxd2
22. Bxd2 Rdc7 23. Nc5 Ba8 24. c3 Rc6 25. Be3 R8c7 26. Bd4 Nc8 27. h4 h5 28. Be2
Bf8 29. a4 Bxc5 30. Bxc5 bxa4 31. Ra1 Bb7 32. Rxa4 Nb6 33. Ra5 Nc4 34. Bxc4 dxc4
35. Rd1 Ke8 36. Kf2 Rd7 37. Rxd7 Kxd7 38. Ke3 Rc8 39. Kd4 Kc6 40. Kxc4 Rd8 41.
Bd6 Kb6 42. Kd4 Bg2 43. c4 Bf1 44. Rc5 Rd7 45. Rc8 Be2 46. Re8 a5 47. b5 Bf3 48.
Rxe6 a4 49. Kc3 Ra7 50. Bb8+ 1-0

[Event "Challenge"]
[Site "http://www.queenalice.com/game.php?id=1339320"]
[Date "2015.2.4"]
[Round "-"]
[White "DenisDiaz"]
[Black "jrafaelcc"]
[Result "0-1"]
[WhiteElo "2116"]
[BlackElo "2240"]

1. d4 d5 2. Nf3 Nf6 3. Bf4 g6 4. e3 Bg7 5. h3 O-O 6. c4 c6 7. Nc3 Nbd7 8. Qb3
Nb6 9. c5 Nbd7 10. Be2 Re8 11. Ne5 h5 12. O-O-O Nxe5 13. Bxe5 Nd7 14. Bxg7 Kxg7
15. g4 h4 16. f4 b6 17. Na4 bxc5 18. Nxc5 Nxc5 19. dxc5 Qa5 20. Qc3+ Qxc3+ 21.
bxc3 e5 22. Kd2 exf4 23. exf4 Re4 24. Rb1 Rxf4 25. Rb4 Rf2 26. Ke3 Rg2 27. a3
Rg3+ 28. Kd4 f5 29. g5 Rxg5 30. Ke5 Rg3 31. Kd6 Re3 0-1